000 00403nam a22001697a 4500
005 20180309112158.0
008 160620b xxu||||| |||| 00| 0 eng d
020 _a978-81-203-2963-3
041 _aeng
082 _b8489
_a332.6
100 _aKevin, S
_9376
245 _aSecurity Analysis and partfolio Management
260 _bPHI
_c2008
300 _a270
650 _aManagement
_9241
942 _cBK
999 _c3252
_d3251